| 000 | 00631nam a2200217 b 4500 | ||
|---|---|---|---|
| 001 | BPO | ||
| 003 | OSt | ||
| 005 | 20140830213003.0 | ||
| 008 | 020226s1967 esp 000 0 spa d | ||
| 040 |
_aBP-PO _cBMC |
||
| 082 | _a998.5 | ||
| 100 |
_9553 _aParry, William Edward _d1790-1855 |
||
| 245 | 1 | 0 |
_aTercer viaje para el descubrimiento de un paso por el noroeste _cWilliam Edward ; [traducción de Pedro de Olazábal] |
| 250 | _a2ª ed | ||
| 260 |
_aMadrid _bEspasa-Calpe _c1967 |
||
| 300 |
_a145 p. _c18 cm |
||
| 490 |
_aAustral _v537 |
||
| 651 |
_9616 _aPaso del Noroeste |
||
| 700 |
_9554 _aOlazábal, Pedro de |
||
| 942 |
_2ddc _cBK |
||
| 999 |
_c456 _d456 |
||